Estatísticas para Ilhas da Madeira e dos Açores

Clique aqui para jogar o quiz

Estatísticas Gerais

  • Esse quiz foi jogado 181 vezes
  • A pontuação média é 11 de 14

Estatísticas das Respostas

Açores% Correto
São Miguel
91%
Porto Santo
90%
Madeira
89%
Madeira
89%
Flores
85%
Terceira
85%
Pico
84%
Corvo
83%
Santa Maria
78%
Faial
77%
Graciosa
77%
São Jorge
72%
Ilhas Desertas
58%
Ilhas Selvagens
56%

Distribuição das Pontuações

Percentil de Números Respondidos

Porcentagem de Pessoas com Cada Pontuação

Sua Pontuação Histórica

Você não jogou esse quiz